| Tag |
First Indicator |
Second Indicator |
Subfields |
| LEADER |
00000cam a2200000 a 4500 |
| 001 |
in00000569080 |
| 005 |
20151014061046.0 |
| 008 |
840907s1984 ne a b 00010 eng d |
| 020 |
|
|
|a 9022008428
|
| 035 |
|
|
|a (OCoLC)11129739
|
| 035 |
|
|
|9 ACM8937AM
|
| 040 |
|
|
|a OKS
|c OKS
|d WAU
|d TXA
|d UtOrBLW
|
| 049 |
|
|
|a TXAM
|c [A08562689]
|
| 090 |
|
|
|a TD428.A37
|b H34 1984
|
| 092 |
|
|
|a 614.772
|b H153s
|
| 100 |
1 |
|
|a Haith, Douglas A.
|
| 245 |
1 |
0 |
|a Simulation of pollution by soil erosion and soil nutrient loss /
|c D.A. Haith, L.J. Tubbs, and N.B. Pickering.
|
| 264 |
|
1 |
|a Wageningen :
|b Pudoc,
|c 1984.
|
| 300 |
|
|
|a 77 pages :
|b illustrations ;
|c 22 cm.
|
| 336 |
|
|
|a text
|b txt
|2 rdacontent
|
| 337 |
|
|
|a unmediated
|b n
|2 rdamedia
|
| 338 |
|
|
|a volume
|b nc
|2 rdacarrier
|
| 490 |
1 |
|
|a Simulation monographs
|
| 504 |
|
|
|a Bibliography: pages 55-58.
|
| 650 |
|
0 |
|a Water
|x Pollution
|x Simulation methods.
|
| 650 |
|
0 |
|a Soil erosion
|x Simulation methods.
|
| 650 |
|
0 |
|a Soils
|x Leaching
|x Simulation methods.
|
| 700 |
1 |
|
|a Tubbs, Lawrence J.
|
| 700 |
1 |
|
|a Pickering, N. B.
|
| 830 |
|
0 |
|a Simulation monographs.
|
| 999 |
|
|
|a MARS
|
| 999 |
f |
f |
|s 18ef6785-dbd2-322d-ab1c-0d83f988e8e6
|i 550806a1-6af5-302b-be1e-650cb6e52763
|t 0
|
| 952 |
f |
f |
|p ric
|a Texas A&M University
|b Rellis Campus
|c Joint Library Facility
|d Remote Storage
|t 0
|e TD428.A37 H34 1984
|h Library of Congress classification
|i unmediated -- volume
|m A14808562689
|
| 998 |
f |
f |
|a TD428.A37 H34 1984
|t 0
|l Remote Storage
|